000 01816nam0a22003731 4500
001 RU\NLR\INFOCOMM_41\5000238116
005 20250613085648.0
035 _a(NLR Aleph) 009038865
090 _a9534526
_c9534526
100 _a20080626d1989 |||y0rusy50 ca
101 0 _aeng
_drus
102 _aRU
105 _aa z 000zy
200 1 _aAbout the latest results on the vector meson pair production in γγ-collisions
_fN. N. Achasov, V. A. Karnakov, G. N. Shestakov
210 _aНовосибирск
_cИн-т математики СО АН СССР
_d1989
215 _a29 с.
_cграф.
_d20 см
225 1 _aПрепринт
_fАкад. наук СССР, Сиб. отд-ние, Ин-т математики
_vТФ № 9(170)
300 _aВ вып. дан.: О последних результатах рождения пар векторных мезонов в γγ-столкновениях / Н. Н. Ачасов, В. А. Карнаков, Г. Н. Шестаков
300 _aРез. на рус. яз.
320 _aБиблиогр.: с. 20-22
517 1 _aО последних результатах рождения пар векторных мезонов в γγ-столкновениях
606 _aМезоны векторные
_xОбразование при взаимодействиях фотонов
_2nlr_sh1
686 _aВ315.4
_2rubbk
700 1 _9z03790
_aAčasov
_bN. N.
_gNikolaj Nikolaevič
_4070
701 1 _aKarnakov
_bV. A.
_gVladimir Agafangelovič
_4070
701 1 _9z04790
_aŠestakov
_bG. N.
_gGeorgij Nikolaevič
_4070
790 1 _9z03700
_aAchasov
_bN. N.
_4070
790 1 _9z04701
_aShestakov
_bG. N.
_4070
801 1 _aRU
_bNLR
_c20080626
801 0 _aRU
_bNLR
_gPSBO
852 _aNLR
_jФз01 Д-4/5562
942 _cBOOK
980 _aNB